[Event "BI-2012-F-00023"]
[Site "LSS email"]
[Date "2013.02.15"]
[Round "?"]
[White "Cijs, Peter JG"]
[Black "Nepomuk, Hans"]
[Result "0-1"]
[WhiteElo "1871"]
[BlackElo "1844"]
[PlyCount "36"]
[EventDate "2013.02.20"]
[EventType "tourn (corr)"]
[EventRounds "10"]
[EventCountry "GER"]
[SourceTitle "Corr 2015"]
[Source "ChessBase"]
[SourceDate "2015.07.17"]
[SourceVersion "1"]
[SourceVersionDate "2015.07.17"]
[SourceQuality "1"]

1. Nf3 Nf6 2. d4 g6 3. c4 Bg7 4. Nc3 d5 5. Qb3 dxc4 6. Qxc4 0-0 7. e4 Nc6 8. h3 e5 9. dxe5 Nd7 10. e6 fxe6 11. Qxe6+ Kh8 12. Be3 Rxf3 13. gxf3 Nde5 14. Qd5 Nxf3+ 15. Kd1 Qf6 16. Bc4 Bxh3 17. Kc1 Rd8 18. Qf7 Qxf7 0-1

[Event "BI-2012-F-00023"]
[Site "LSS email"]
[Date "2013.02.15"]
[Round "?"]
[White "Cijs, Peter JG"]
[Black "Oberlaender, Rolf"]
[Result "1-0"]
[WhiteElo "1871"]
[BlackElo "769"]
[PlyCount "35"]
[EventDate "2013.02.20"]
[EventType "tourn (corr)"]
[EventRounds "10"]
[EventCountry "GER"]
[SourceTitle "Corr 2015"]
[Source "ChessBase"]
[SourceDate "2015.07.17"]
[SourceVersion "1"]
[SourceVersionDate "2015.07.17"]
[SourceQuality "1"]

1. Nf3 Nc6 2. d4 d5 3. c4 e6 4. Nc3 Bb4 5. e3 Nf6 6. Be2 0-0 7. 0-0 a6 8. Qc2 Bxc3 9. bxc3 Na5 10. Ne5 b6 11. Ba3 Re8 12. Rab1 Ne4 13. f3 Ng5 14. h4 Nh3+ 15. gxh3 Qxh4 16. Kh2 f6 17. Qa4 Rd8 18. Be7 1-0

[Event "BI-2012-F-00023"]
[Site "LSS email"]
[Date "2013.02.15"]
[Round "?"]
[White "Falco, Osvaldo"]
[Black "Cijs, Peter JG"]
[Result "1/2-1/2"]
[WhiteElo "1133"]
[BlackElo "1871"]
[PlyCount "22"]
[EventDate "2013.02.20"]
[EventType "tourn (corr)"]
[EventRounds "10"]
[EventCountry "GER"]
[SourceTitle "Corr 2015"]
[Source "ChessBase"]
[SourceDate "2015.07.17"]
[SourceVersion "1"]
[SourceVersionDate "2015.07.17"]
[SourceQuality "1"]

1. d4 Nf6 2. c4 e6 3. g3 c5 4. d5 d6 5. Nc3 g6 6. Bg2 exd5 7. cxd5 Bg7 8. Nf3 0-0 9. 0-0 a6 10. a4 Re8 11. Nd2 Nbd7 1/2-1/2

[Event "BI-2012-F-00023"]
[Site "LSS email"]
[Date "2013.02.15"]
[Round "?"]
[White "Huseby, Juan Carlos"]
[Black "Cijs, Peter JG"]
[Result "0-1"]
[WhiteElo "582"]
[BlackElo "1871"]
[PlyCount "44"]
[EventDate "2013.02.20"]
[EventType "tourn (corr)"]
[EventRounds "10"]
[EventCountry "GER"]
[SourceTitle "Telechess CBM 161"]
[Source "ChessBase"]
[SourceDate "2014.07.16"]
[SourceVersion "1"]
[SourceVersionDate "2014.07.16"]
[SourceQuality "1"]

1. e4 e6 2. Be2 d5 3. Bb5+ c6 4. Ba4 dxe4 5. Ne2 a5 6. Nec3 b5 7. Bb3 a4 8. Nxe4 axb3 9. cxb3 b4 10. 0-0 Ba6 11. Re1 Bd3 12. Qf3 Ra5 13. Re3 Rd5 14. g4 Nf6 15. Nxf6+ gxf6 16. h4 h5 17. Nc3 bxc3 18. bxc3 Rg8 19. Qg2 Rxg4 20. Rg3 Rxh4 21. Rh3 Rxh3 22. Qxh3 Rg5+ 0-1

[Event "CP-2011-Q-00014"]
[Site "LSS email"]
[Date "2013.01.14"]
[Round "?"]
[White "Cijs, Peter JG"]
[Black "Sadowski, Marek"]
[Result "0-1"]
[WhiteElo "1871"]
[BlackElo "2259"]
[PlyCount "37"]
[EventDate "2013.01.20"]
[EventType "tourn (corr)"]
[EventRounds "8"]
[EventCountry "GER"]
[SourceTitle "Corr 2015"]
[Source "ChessBase"]
[SourceDate "2015.07.17"]
[SourceVersion "1"]
[SourceVersionDate "2015.07.17"]
[SourceQuality "1"]

1. e4 c5 2. Nc3 Nc6 3. Nf3 d6 4. d4 cxd4 5. Nxd4 Nf6 6. Bg5 e6 7. Qd2 a6 8. 0-0-0 Bd7 9. f4 h6 10. Bh4 b5 11. Bxf6 gxf6 12. Kb1 Qb6 13. Nxc6 Bxc6 14. f5 h5 15. Qe1 Be7 16. Bd3 b4 17. Ne2 e5 18. Ng3 a5 19. Bc4 0-1

[Event "CP-2011-Q-00014"]
[Site "LSS email"]
[Date "2013.01.14"]
[Round "?"]
[White "Tomak, Alexander"]
[Black "Cijs, Peter JG"]
[Result "1-0"]
[WhiteElo "1525"]
[BlackElo "1871"]
[PlyCount "53"]
[EventDate "2013.01.20"]
[EventType "tourn (corr)"]
[EventRounds "8"]
[EventCountry "GER"]
[SourceTitle "Telechess CBM 163"]
[Source "ChessBase"]
[SourceDate "2014.11.11"]
[SourceVersion "2"]
[SourceVersionDate "2014.11.11"]
[SourceQuality "1"]

1. e4 e6 2. d4 d5 3. Nc3 Nf6 4. e5 Nfd7 5. f4 c5 6. Nf3 a6 7. Be3 Be7 8. Qd2 Nc6 9. Be2 0-0 10. 0-0 b5 11. Nd1 Qc7 12. c3 Bb7 13. Nf2 Na5 14. Qd3 g6 15. Ng5 Kg7 16. Ng4 Nc4 17. f5 Bxg5 18. Bxg5 exf5 19. Rxf5 f6 20. exf6+ Kh8 21. f7 Qb6 22. Rf6 Nxf6 23. Bxf6+ Qxf6 24. Nxf6 Rxf7 25. Rf1 Raf8 26. Nd7 Rxf1+ 27. Bxf1 1-0

[Event "CP-2012-P-00065"]
[Site "LSS email"]
[Date "2012.10.01"]
[Round "?"]
[White "Cijs, Peter JG"]
[Black "Snokowski, Marcin"]
[Result "1-0"]
[WhiteElo "1871"]
[BlackElo "1778"]
[PlyCount "51"]
[EventDate "2012.10.05"]
[EventType "tourn (corr)"]
[EventRounds "6"]
[EventCountry "GER"]
[SourceTitle "Telechess CBM 161"]
[Source "ChessBase"]
[SourceDate "2014.07.16"]
[SourceVersion "1"]
[SourceVersionDate "2014.07.16"]
[SourceQuality "1"]

1. Nf3 c6 2. d4 d5 3. Bf4 Nf6 4. e3 Bg4 5. Nbd2 e6 6. h3 Bh5 7. g4 Bg6 8. Ne5 Qb6 9. g5 Nfd7 10. Nxg6 hxg6 11. c4 Qxb2 12. Rb1 Qxa2 13. Rxb7 a5 14. cxd5 exd5 15. Bd3 Bb4 16. Ke2 Na6 17. Qc1 Qxd2+ 18. Qxd2 Bxd2 19. Kxd2 Nb4 20. Be2 f5 21. Ra1 Ke7 22. Bc7 c5 23. Bb5 Na6 24. Bxa5 Rxh3 25. Rxd7+ Kf8 26. Bb6 1-0

[Event "CP-2012-P-00065"]
[Site "LSS email"]
[Date "2012.10.01"]
[Round "?"]
[White "Cijs, Peter JG"]
[Black "Vontina, Maria"]
[Result "1-0"]
[WhiteElo "1871"]
[BlackElo "772"]
[PlyCount "55"]
[EventDate "2012.10.05"]
[EventType "tourn (corr)"]
[EventRounds "6"]
[EventCountry "GER"]
[SourceTitle "Telechess CBM 161"]
[Source "ChessBase"]
[SourceDate "2014.07.16"]
[SourceVersion "1"]
[SourceVersionDate "2014.07.16"]
[SourceQuality "1"]

1. Nf3 Nf6 2. d4 d5 3. c4 e6 4. Nc3 Be7 5. Bf4 0-0 6. e3 c6 7. h3 Nbd7 8. Qc2 Re8 9. a3 Nf8 10. Bd3 Ng6 11. Bg3 Bd6 12. Bxd6 Qxd6 13. c5 Qe7 14. 0-0 a6 15. Rfe1 e5 16. e4 dxe4 17. Nxe4 Nxe4 18. Bxe4 Qf6 19. Rad1 exd4 20. Bxg6 Rxe1+ 21. Rxe1 fxg6 22. Re8+ Kf7 23. Rh8 h6 24. Qe2 Qe7 25. Qc4+ Be6 26. Ne5+ Kf6 27. Qxd4 Kf5 28. g4+ 1-0

[Event "BI-2012-P-00002"]
[Site "LSS email"]
[Date "2012.04.20"]
[Round "?"]
[White "Cijs, Peter JG"]
[Black "Niewold, Jaap"]
[Result "0-1"]
[WhiteElo "1898"]
[BlackElo "1694"]
[PlyCount "36"]
[EventDate "2012.04.22"]
[EventType "tourn (corr)"]
[EventRounds "10"]
[EventCountry "GER"]
[SourceTitle "Telechess CBM 153"]
[Source "ChessBase"]
[SourceDate "2013.03.14"]
[SourceVersion "1"]
[SourceVersionDate "2013.03.14"]
[SourceQuality "1"]

1. d4 f5 2. Bg5 g6 3. Nc3 d5 4. e3 Nh6 5. Bf4 c6 6. Be5 Rg8 7. Bg3 Nf7 8. Nf3 Nd7 9. Be2 Bg7 10. a4 a5 11. 0-0 g5 12. Nd2 Nf6 13. Nb3 b6 14. Nd2 Be6 15. Nf3 g4 16. Ne5 Nxe5 17. Bxe5 h5 18. Bd3 h4 0-1

[Event "BI-2012-P-00002"]
[Site "LSS email"]
[Date "2012.04.20"]
[Round "?"]
[White "Cijs, Peter JG"]
[Black "Zuttion, Stella Maris"]
[Result "0-1"]
[WhiteElo "1898"]
[BlackElo "1441"]
[PlyCount "31"]
[EventDate "2012.04.22"]
[EventType "tourn (corr)"]
[EventRounds "10"]
[EventCountry "GER"]
[SourceTitle "Corr 2015"]
[Source "ChessBase"]
[SourceDate "2015.07.17"]
[SourceVersion "1"]
[SourceVersionDate "2015.07.17"]
[SourceQuality "1"]

1. d4 d5 2. c4 c6 3. Nf3 Nf6 4. Nc3 Bf5 5. cxd5 cxd5 6. Qb3 Bc8 7. Bf4 a6 8. e3 e6 9. Bxb8 Rxb8 10. Bxa6 Bd6 11. Bb5+ Bd7 12. Bxd7+ Qxd7 13. 0-0 0-0 14. a4 Rfc8 15. Rfc1 Qc7 16. Rc2 0-1

[Event "BI-2012-P-00002"]
[Site "LSS email"]
[Date "2012.04.20"]
[Round "?"]
[White "Van Seben, Edgar"]
[Black "Cijs, Peter JG"]
[Result "1-0"]
[WhiteElo "2426"]
[BlackElo "1898"]
[PlyCount "53"]
[EventDate "2012.04.22"]
[EventType "tourn (corr)"]
[EventRounds "10"]
[EventCountry "GER"]
[SourceTitle "Telechess CBM 153"]
[Source "ChessBase"]
[SourceDate "2013.03.14"]
[SourceVersion "1"]
[SourceVersionDate "2013.03.14"]
[SourceQuality "1"]

1. d4 e6 2. c4 Nf6 3. Nc3 Be7 4. e4 d6 5. Nf3 0-0 6. Bd3 Nbd7 7. 0-0 e5 8. h3 b6 9. d5 a5 10. Bc2 Bb7 11. Be3 c6 12. Qe2 Qc7 13. b3 Rfe8 14. Rac1 Ba6 15. Rfe1 Rac8 16. dxc6 Qxc6 17. Nh4 g6 18. Bh6 Bb7 19. Qd2 Nf8 20. Re3 Qc7 21. Nb5 Qd7 22. Rd1 Rcd8 23. Nf5 gxf5 24. exf5 Ng6 25. fxg6 hxg6 26. Nc3 Kh7 27. Bg5 1-0